|
|
|
|
| LEADER |
02289nam a2200577 i 4500 |
| 001 |
nkc20162836405 |
| 003 |
CZ PrNK |
| 005 |
20161125131243.0 |
| 007 |
ta |
| 008 |
161003s2016 xr ab e f 000 0 cze |
| 015 |
|
|
|a cnb002836405
|
| 020 |
|
|
|a 978-80-7451-527-9
|q (brožováno)
|
| 035 |
|
|
|a (OCoLC)962341313
|
| 040 |
|
|
|a BOA001
|b cze
|e rda
|
| 043 |
|
|
|a e-xr---
|b e-xr-cc
|b e-xr-st
|2 czenas
|
| 072 |
|
7 |
|a 913(437)
|x Geografie Česka a Slovenska, reálie, cestování
|2 Konspekt
|9 7
|
| 080 |
|
|
|a 913(437.31-16)
|2 MRF
|
| 080 |
|
|
|a 913(437.312)
|2 MRF
|
| 080 |
|
|
|a (036)913
|2 MRF
|
| 080 |
|
|
|a (036)796.61
|2 MRF
|
| 100 |
1 |
|
|a Pucholt, Jiří
|7 pna2010608942
|4 aut
|4 pht
|
| 245 |
1 |
0 |
|a Od Českého Švýcarska po Křivoklátsko /
|c text a fotografie: Jiří Pucholt, Ivo Paulík
|
| 250 |
|
|
|a Druhé vydání
|
| 264 |
|
1 |
|a Praha :
|b Ottovo nakladatelství, s.r.o.,
|c 2016
|
| 300 |
|
|
|a 127 stran :
|b barevné ilustrace, mapy ;
|c 22 cm
|
| 336 |
|
|
|a text
|b txt
|2 rdacontent
|
| 336 |
|
|
|a kartografický obraz
|b cri
|2 rdacontent
|
| 336 |
|
|
|a statický obraz
|b sti
|2 rdacontent
|
| 337 |
|
|
|a bez média
|b n
|2 rdamedia
|
| 338 |
|
|
|a svazek
|b nc
|2 rdacarrier
|
| 490 |
1 |
|
|a Ottův turistický průvodce
|
| 500 |
|
|
|a V knize uvedeny QR kódy s navigací
|
| 504 |
|
|
|a Obsahuje bibliografické odkazy
|
| 651 |
|
7 |
|a Čechy severozápadní (Česko)
|7 ge131653
|2 czenas
|
| 651 |
|
7 |
|a České Švýcarsko (Česko)
|7 ge131062
|2 czenas
|
| 651 |
|
7 |
|a Křivoklát (Česko : oblast)
|7 ge128505
|2 czenas
|
| 651 |
|
9 |
|a Bohemia, Northwestern (Czechia)
|2 eczenas
|
| 651 |
|
9 |
|a Bohemian Switzerland (Czechia)
|2 eczenas
|
| 651 |
|
9 |
|a Křivoklát Region (Czechia)
|2 eczenas
|
| 655 |
|
7 |
|a turistické průvodce
|7 fd133738
|2 czenas
|
| 655 |
|
7 |
|a cykloturistické průvodce
|7 fd269224
|2 czenas
|
| 655 |
|
9 |
|a tourist guidebooks
|2 eczenas
|
| 655 |
|
9 |
|a cycling guidebooks
|2 eczenas
|
| 700 |
1 |
|
|a Paulík, Ivo,
|d 1975-
|7 mzk2006323099
|4 aut
|4 pht
|
| 830 |
|
0 |
|a Ottův turistický průvodce
|0 s
|
| 910 |
2 |
|
|a BOA001
|b 2-1374.301
|
| 990 |
|
|
|a BK
|
| 995 |
|
|
|a 01
|
| 991 |
|
|
|b 201610
|c NOV
|
| 996 |
6 |
|
|b 2610683886
|c 2-1374.301
|l MZK
|r Sklad / do 1 hodiny
|n 0
|p p.v.
|w 001581511
|u 000010
|a 1
|e BOA001
|j MZK50
|s P
|
| 996 |
7 |
|
|b 2610686460
|c 2-1374.301
|l Vol.výběr
|r VV 1p
|n 13
|p kup
|h 913(437) PRU
|w 001581511
|u 000020
|a 0
|e BOA001
|j MZK50
|s A
|